| 000 | 00571nam a2200205 4500 | ||
|---|---|---|---|
| 003 | LK-CoMWRAF | ||
| 005 | 20231109092214.0 | ||
| 008 | 230830b1973 |||||||| |||| 00| 0 eng d | ||
| 040 |
_aLK-CoMWRAF _dLK-CoMWRAF _eLK-CoMWRAF |
||
| 041 | _aeng | ||
| 082 |
_a155.4 _bMON |
||
| 100 | _aMontessori, Maria | ||
| 245 | _aThe absorbent mind | ||
| 260 |
_aMadras: _bKalakshetra, _c1973 |
||
| 300 | _ax, 297 p. illus. (part fold., part col.) 22 cm. | ||
| 650 | _aCHILD PSYCHOLOGY | ||
| 650 | _aEDUCATIONAL PSYCHOLOGY | ||
| 700 |
_a Claremont, Claude A. _etrans. |
||
| 942 | _cBK | ||
| 999 |
_c3310 _d3310 |
||